=LDR 00000nam 2200000 4500 =001 INLIS000000000023902 =005 20200208090239 =035 ##$$a 0010-061300000023902 =008 200208################g##########0#ind## =041 ##$$a ind =082 ##$$a 051 =090 ##$$a 051, JUN r =100 1#$$a Junaedhie, Kurniawan =245 1#$$a Rahasia Dapur Majalah di Indonesia /$c Kurniawan Junaedhie =260 ##$$a Jakarta :$b Gramedia,$c 1995 =300 ##$$a XLi, 337 hlm : $b Ilus ; $c 17 x 24 cm. =650 #4$$a Majalah Indonesia =850 ##$$a NBPNMAT =020 ##$$a 979-605-293-8 =084 ##$$a 051 Jun r =504 ##$$a Bibliografi : hlm. 333-336 =990 ##$$a 108025/Pb.97 =990 ##$$a 92.492 pb.96 =990 ##$$a 112.504/ Pro - 97 =990 ##$$a DW00020125 =990 ##$$a 108025/Pb.97 =990 ##$$a 92.492 pb.96 =990 ##$$a DW00020127 =990 ##$$a 108025/Pb.97 =990 ##$$a DW00020125 =990 ##$$a DW00020126 =990 ##$$a DW00020127 =990 ##$$a DW00020125 =990 ##$$a DW00020125 =990 ##$$a DW00020126 =990 ##$$a DW00020127